000 00603nam a2200181 4500
999 _c56827
_d56827
005 20190508120255.0
008 190508c2019 ру ||||| |||| 00| 0 рус d
022 _a1561-2457
041 _aрус
245 _aПсихилогия абучения :
_b2019 /
_cпредс. Слободчиков В.И.
260 _aМосква :
_bСГУ,
_c2019.
300 _aV.
653 _aПсихилогия абучения :
653 _aფსიქოლოგია
653 _aпериодика
700 _aСлободчиков В.И.
_eпредседатель
_9921
942 _2udc
_cCR